| 000 | 00915nam a22001937a 4500 | ||
|---|---|---|---|
| 003 | AM-YeHGA | ||
| 005 | 20250617153851.0 | ||
| 008 | 180220b xxu||||| |||| 00| 0 rus d | ||
| 040 | _aAM-YeHGA | ||
| 041 | 0 | _arus | |
| 245 | 0 | 0 |
_aУниверсальная десятичная классификация (УДК) : _bПриборостроение, измерит. техника и смежные отрасли науки и техники / _cСост.: В.П. Лычагина |
| 260 |
_aМосква : _bОНТИПрибор, _c1965 |
||
| 300 | _a102 с. | ||
| 650 | 7 |
_aУниверсальная десятичная классификация - Таблицы _2RKP |
|
| 650 | 7 |
_aПриборостроение - Классификация литературы десятичная - Таблицы _2RKP |
|
| 700 | 1 |
_aЛычагина, В.П. _eсост. _4com |
|
| 942 |
_2udc _cBK |
||
| 090 | _c402060 | ||
| 999 |
_c399888 _d399888 |
||